| 000 | 00372nam a2200145Ia 4500 | ||
|---|---|---|---|
| 008 | 231221s9999 xx 000 0 und d | ||
| 041 | _aEnglish | ||
| 082 | _a373 AGG;2 R1 | ||
| 100 | _aAggarwal, D D | ||
| 245 | 0 | _aHistroy and development of secondary education in India 2 | |
| 250 | _a1st ed. | ||
| 260 |
_c2003 _bSarup _aNew Delhi |
||
| 300 | _a222 | ||
| 942 | _cED | ||
| 999 |
_c206225 _d206225 |
||